| 000 | 01315naa a22003377a 4500 | ||
|---|---|---|---|
| 001 | BR8901216 | ||
| 003 | BR-BrBNA | ||
| 005 | 20240918180432.0 | ||
| 007 | ta | ||
| 008 | 230509b bl.||||| |||| 00| 0 por d | ||
| 040 |
_aBR-BrBNA _bpor _cBiblioteca Nacional de Agricultura |
||
| 041 | _a(Pt) | ||
| 072 |
_aE70 _b2110 |
||
| 090 | _aE70 BR8901216 | ||
| 100 | 1 | _aSerodio, R.S. | |
| 100 | 1 | _aSantos, S.R. | |
| 100 | 1 | _aPrado, E.P. | |
| 100 | 1 | _aCazorla, I.M. | |
| 111 | 1 |
_a16. Congresso Brasileiro de Engenharia Agricola _cJundiai, SP (Brazil) _d13-17 Jul 1987 |
|
| 245 | 1 | _aControle de qualidade do cacau comercial. 1. Diferentes tipos de coleta de amostra | |
| 246 | 1 | _a[Quality control of commercial cacao 1. Different types of sample collecting] | |
| 246 | 1 | _a[16th Brazilian Congress of Agricultural Engineering. Annals. v. 2] | |
| 260 | 3 |
_aSao Paulo, SP (Brasil): _c1987. |
|
| 500 | _a16. Congresso Brasileiro de Engenharia Agricola. Anais. v. 2 Sao Paulo, SP (Brasil): 1987. p. 469-479 (BR8901216-AM)E70 | ||
| 650 | _aCACAU | ||
| 650 | _aCOMERCIALIZACAO | ||
| 650 | _aCONTROLE DE QUALIDADE | ||
| 773 | 0 |
_t16. Congresso Brasileiro de Engenharia Agricola. Anais. v. 2 _wE70 BR8901216 _gSao Paulo, SP (Brasil), 1987. p. 469-479 |
|
| 909 |
_a202404 _bLucia _c55 _dLucia Elande |
||
| 942 |
_cAM _2AGRIS |
||
| 999 |
_c320347 _d320347 |
||